00964nam a22002775a 450000500170000000800410001702000180005802000150007604000280009108200190011924500750013825000220021326000430023530000330027850000240031150000270033550400410036265000320040365000290043565100100046465300210047470000270049594200080052299900170053095201390054720160322102413.0160322s2009 maua frbd 001 0 eng d a9780071283915 a0071283919 aEG-ScBUEbengcEG-ScBUE04a615.1bPHA22200aPharmacology for the physical therapist /cPeter C. Panus ... [et al.] aInternational ed. aBoston :bMc-Graw Hill Medical,c2009. aix, 608 p. :bill. ;c24 cm. aIndex : p. 575-608. aGlossary : p. 560-573. aIncludes bibliographical references. 7aPharmacology.2BUEsh912590 0aPhysical therapy.2BUEsh 2BUEsh bPPhrmcMarch20161 aPanus, Peter C.939622 2ddc c21469d21441 00102ddc40708Scien. H.aMAINbMAINc1STd2016-03-22ePurchaseg475.00h1l0o615.1 PHAp000032132r2025-07-15 00:00:00v593.75yBB